[Event "DSOL 07 Liga Gr-B 1st"]
[Site "Playchess.com INT"]
[Date "2020.08.13"]
[Round "2.3"]
[White "Schnecko, Rainer"]
[Black "Kliffken, Julian"]
[Result "1-0"]
[WhiteElo "1296"]
[BlackElo "1408"]
[PlyCount "39"]
[EventDate "2020.06.22"]
[EventType "team-tourn (rapid)"]
[EventCountry "GER"]
[SourceTitle "EXT 2021"]
[Source "ChessBase"]
[SourceDate "2020.10.23"]
[SourceVersion "1"]
[SourceVersionDate "2020.10.23"]
[SourceQuality "1"]
[WhiteTeam "Heuchelheim"]
[BlackTeam "Porz SG III"]
[WhiteTeamCountry "GER"]
[BlackTeamCountry "GER"]

1. e4 c5 2. Nf3 Nc6 3. d4 cxd4 4. Nxd4 Nxd4 5. Qxd4 Qc7 6. Nc3 d6 7. Nb5 Qd7 8. Bc4 a6 9. Qb6 Qd8 10. Nc7+ Kd7 11. Nxa8 Qxb6 12. Nxb6+ Kc6 13. Nxc8 Kc7 14. Na7 Kb6 15. Be3+ Kc7 16. Bxf7 Nf6 17. f3 b6 18. Bd5 Nxd5 19. exd5 Kb7 20. Nc6 1-0

[Event "DSOL 07 Liga Gr-B 1st"]
[Site "Playchess.com INT"]
[Date "2020.07.23"]
[Round "5.3"]
[White "Schnecko, Rainer"]
[Black "Funke, Olaf"]
[Result "1-0"]
[WhiteElo "1296"]
[BlackElo "1316"]
[PlyCount "37"]
[EventDate "2020.06.22"]
[EventType "team-tourn (rapid)"]
[EventCountry "GER"]
[SourceTitle "EXT 2021"]
[Source "ChessBase"]
[SourceDate "2020.10.23"]
[SourceVersion "1"]
[SourceVersionDate "2020.10.23"]
[SourceQuality "1"]
[WhiteTeam "Heuchelheim"]
[BlackTeam "Loehne SG"]
[WhiteTeamCountry "GER"]
[BlackTeamCountry "GER"]

1. e4 e5 2. Nf3 Nc6 3. Bc4 Bc5 4. d3 d5 5. Bxd5 Nge7 6. Bb3 Nd4 7. Nxd4 Qxd4 8. 0-0 0-0 9. Nd2 Kh8 10. h3 f5 11. Nf3 Qd6 12. Be3 Bxe3 13. fxe3 fxe4 14. dxe4 Qxd1 15. Raxd1 b6 16. Nxe5 Bb7 17. Nf7+ Kg8 18. Nd8+ Kh8 19. Rxf8+ 1-0